000 00453nam a2200181Ia 4500
003 GCL
008 140319s9999 xx 000 0 eng d
040 _aGCL /
_cGCL
082 0 4 _a741
_bB D
100 1 _aBROUN, DAVID
245 1 0 _aDRAW BIRDS /
_cBROUN, DAVID
260 _a[S.N] :
_bA AND C BLACK LIMITED ،
_c1989
300 _a48
650 0 4 _aDRAWING
650 0 4 _aANIMAL PAINTING AND ILLUSTRATION
650 0 4 _aBIRDS IN ART
942 _2ddc
_cBK
999 _c17430
_d17430